Quizzes
Events
Quiz Creation
Community
Videos
Private Events
Remove Ads
Sign In
Join for FREE
Feedback
Dark Mode
Quiz Categories
Sports
Geography
Music
Movies
Television
Just For Fun
Miscellaneous
History
Literature
Language
Science
Gaming
Entertainment
Religion
Holiday
For Kids
Quiz Lab
Recent
Popular Today
Quiz Kudos Today
Editor Picks
Curator Picks
Quizzes by...
Day
Popularity
Type
Ratings
Length
Year
Community
Subscriptions
Recent Discussions
Orange Saloon
Badges
Playlists
Quests
Create
Leaderboards
Showdown
Live 5
Trivia Bingo
Activity
Puzzle Library
Sporcle Events
Private Events
Virtual Trivia
Globe League
Become a Host
Pub Owners
SporcleCon
Opinionation
Our Games
Videos
Blog
Mobile Apps
Partnerships
Remove Ads and Go Orange
Feedback
Literature
Harry Potter
A Song of Ice and Fire
The Hunger Games
Literary Character
Shakespeare
Book
Author
Novel
Poem
Young Adult
Children's Books
Play
Lord of the Rings
Literature
Harry Potter
A Song of Ice and Fire
The Hunger Games
Literary Character
Shakespeare
Book
Author
Novel
Poem
Young Adult
Children's Books
Play
Lord of the Rings
Random Quiz
Search Sporcle
×
Quiz Lab
Quiz Lab
Literature
John Donne
Type in answers that appear in a list
Type in answers that appear in a list
Classic
Best Score? Go Orange.
Good Friday 1613 (Part I) Stats
Can you name the words to Good Friday 1613 (Part I)
By
clioday
10m
267 Questions
130 Plays
130 Plays
130 Plays
Comments
Comments
Give Quiz Kudos
Give Quiz Kudos
-
- Ratings
hide this ad
Replay
Link that replays current quiz
Next Quiz
Link to next quiz in quiz playlist
You Got
0%
They Got
Avg Score
76%
Avg Friend Score
Upgrade to see
Score Distribution
Jump to the score distribution portion of the page
Score
0/267
Timer
10:00
0
Plays Today
Answer
% Correct
be
100%
be
100%
a
99.2%
and
99.2%
the
99.2%
and
99.2%
the
99.2%
and
99.2%
a
99.2%
and
99.2%
the
99.2%
the
99.2%
a
99.2%
and
99.2%
and
99.2%
a
99.2%
the
99.2%
and
99.2%
the
99.2%
the
99.2%
and
99.2%
and
99.2%
the
99.2%
and
99.2%
and
99.2%
soul
97.7%
that
97.7%
to
97.7%
that
97.7%
to
97.7%
that
97.7%
that
97.7%
that
97.7%
that
97.7%
to
97.7%
that
97.7%
to
97.7%
that
97.7%
that
97.7%
that
97.7%
so
96.9%
is
96.2%
is
96.2%
is
96.2%
is
96.2%
is
96.2%
our
93.8%
our
93.8%
our
93.8%
in
92.3%
this
92.3%
in
92.3%
souls
92.3%
i
92.3%
this
92.3%
soul's
92.3%
i
92.3%
i
92.3%
i
92.3%
i
92.3%
i
92.3%
souls
92.3%
i
92.3%
i
92.3%
Let
91.5%
his
91.5%
of
91.5%
of
91.5%
of
91.5%
his,
91.5%
of
91.5%
his
91.5%
his
91.5%
of
91.5%
by
90.8%
man's
90.8%
sphere
90.8%
by
90.8%
by
90.8%
for
90.8%
by
90.8%
by
90.8%
for
90.8%
by
90.8%
for
90.8%
all.
90%
God
90%
all
90%
all
90%
Answer
% Correct
God
90%
day
88.5%
day
88.5%
day
88.5%
which
88.5%
which
88.5%
which
88.5%
which
88.5%
which
88.5%
west
87.7%
my
87.7%
east.
86.9%
us
86.9%
us?
86.9%
us?
86.9%
intelligence
85.4%
moves
85.4%
not
85.4%
not
85.4%
not
85.4%
spheres
84.6%
see
84.6%
see
84.6%
see
84.6%
spheres
84.6%
on
83.8%
was
83.8%
on
83.8%
was
83.8%
when
83.1%
Christ
83.1%
or
82.3%
it.
82.3%
Gods
82.3%
it
82.3%
it
82.3%
it
82.3%
or
82.3%
or
82.3%
God's
82.3%
sun
81.5%
Who
81.5%
sun
81.5%
who
81.5%
rising
80%
set
80%
as
79.2%
Cross
79.2%
those
79.2%
those
79.2%
mother
79.2%
devotion
78.5%
towards
78.5%
then
77.7%
rise
77.7%
then
77.7%
miserable
77.7%
their
76.2%
their
76.2%
their
76.2%
bends
76.2%
There
76.2%
But
76.2%
did
76.2%
motion
75.4%
am
75.4%
me.
75.4%
antipodes
75.4%
fall
74.6%
are
73.8%
Could
73.8%
Could
73.8%
die;
73.1%
die?
73.1%
zenith
73.1%
setting
71.5%
thus
71.5%
foreign
70.8%
carried
70.8%
Pleasure
70%
business
70%
were
70%
durst
70%
durst
70%
ransomed
70%
holes?
69.2%
look
69.2%
with
68.5%
partner
68.5%
Answer
% Correct
endless
67.7%
sin
67.7%
What
67.7%
death
67.7%
endless
67.7%
dirt
67.7%
dust
67.7%
upon
67.7%
half
67.7%
own
66.9%
made
66.9%
own
66.9%
made
66.9%
made
66.9%
pierced
66.2%
below
66.2%
poles
65.4%
mine
65.4%
eye
65.4%
whirled
64.6%
should
64.6%
ragged
63.8%
form
63.1%
is't
63.1%
form
63.1%
eternally
62.3%
these
62.3%
sees
61.5%
life
61.5%
do
60.8%
behold
60%
behold
60%
torn?
60%
benighted
59.2%
wink.
59.2%
natural
58.5%
mover
58.5%
had
58.5%
sacrifice
58.5%
being
57.7%
being
57.7%
Hence
57.7%
lieutenant
57.7%
other
56.9%
first
56.9%
blood
56.9%
hurried
56.2%
cast
56.2%
shrink
55.4%
footstool
55.4%
if
55.4%
apparel
55.4%
If
55.4%
furnished
55.4%
Nature
54.6%
flesh
54.6%
hands
52.3%
height
52.3%
subject
51.5%
yet
51.5%
much
51.5%
face
51.5%
crack
51.5%
span
51.5%
lose
50.8%
glad
50.8%
admit
50%
things
50%
grown
49.2%
too
49.2%
humbled
49.2%
year
48.5%
worn
48.5%
scarce
47.7%
once
47.7%
every
46.9%
obey:
46.9%
beget;
46.9%
weight
45.4%
here
40.8%
must
38.5%
tune
38.5%
at
35.4%
spectacle
34.6%
others
32.3%
dare
30.8%
seat
28.5%
self
26.9%
almost
23.1%
Quiz Playlist
Details
Report
Send in Message
Add To Playlist
Classic:
Type in answers that appear in a list
Last Updated: Feb 16, 2017
Quiz Scoreboard
CHALLENGE
Sign Up to Join the Scoreboard
Show All
Scores
Hide
Comments
May contain spoilers
Recently Published
Presidents Visiting Landmarks
by Hejman
History
7m
An Introduction to Baseball
by treessimontrees
Sports
5m
Movies - When Are They Set?
by FPL_Elf
Movies
5m
More to Explore
Quiz From the Vault
Featured Blog Post
Where Did the Easter Bunny Come From?
hide this ad
You Might Also Like...
Tags
donne
John Donne
Today's Top Quizzes in Literature
Browse Literature
hide this ad
Top Contributed Quizzes in Literature
1
Sneaky Slytherin Logic Puzzle
2
Get The Picture: Black or White Literature
3
A Court of Thorns and Roses (ACoTaR) Logic Puzzle
4
5-to-1: Plays
5
One Thing in Common: Literature
6
One Thing in Common: Literature 3
7
One Thing in Common: Literature II
8
Harry Potter Neighbourly Logic Puzzle #5
9
One Thing in Common: Books
10
Harry Potter Neighbourly Logic Puzzle #6
Explore More
Trending Topics
Harry Potter
Marvel
Disney
Anime
Crossword
NBA
Kpop
Puzzle
NFL
WWE
Country
Pokémon
Song
The Office
Soccer
hide this ad
More By:
clioday
Quiz
Plays
Rating
Category
Featured
Created
Good Friday 1613 (Part I)
130
Literature
Jan 2, 2014
Batter My Heart
91
5.00
Literature
Jan 2, 2014
At The Round Earth's Imagined Corners
78
Literature
Jan 1, 2014
Good Friday 1613 (Part II)
68
Literature
Jan 2, 2014
Elegy XIX To His Mistress Going To Bed (Part II)
12
Literature
Jan 1, 2014
Go to Creator's Profile
Score Distribution
Quiz Creator Spotlight
clioday
Follow
Send a Message
Quizzes Created
-
Created Quiz Play Count
-
More By This Creator
Popular Quizzes Today
1
Find the US States - No Outlines Minefield
2
Find the Countries of Europe - No Outlines Minefield
3
The Countries of the World
4
Find the US States
5
Popular People in 1961
6
US States
7
Risky Map Clicking: Biggest States A-Z
8
1-10 Letter E Words III
More Literature Quizzes
Harry Potter: Missing Mothers Trio Venn Diagram
Quiz Lab
Trending Quizzes
Risky Map Clicking: Least Populous States A-Z
1-10 Letter G Words
1-10 Letter F Words
Risky Map Clicking: Next State Alphabetically
Risky Map Clicking: Biggest States A-Z
Recently Updated
Leaping Animals
pecheneg
Reality TV Shows (A-Z)
bhenderson79
Rickey Henderson's Hall of Fame Teammates
pecheneg
Champions League XIs: Arsenal
pecheneg
Quick Pick: Celebrities in WWE's Hall of Fame
aduchscher
A-Z Keypad Blitz II
pecheneg
Multiple Oscar Actors
pecheneg
Mystery Phrase Blitz: Oscar 'Best Actors'
pecheneg
F. Scott Fitzgerald Novels
LTH
Pick 3 Villains
ddd62291
Trending Topics
NBA
Crossword
Marvel
Anime
Disney
Harry Potter
Kpop
Soccer
The Office
WWE
NFL
Country
Puzzle
Song
Pokémon
Your Account Isn't Verified!
In order to create a playlist on Sporcle, you need to verify the email address you used during registration. Go to your
Sporcle Settings
to finish the process.
Report this User
Report this user for behavior that violates our
Community Guidelines
.
Details:
Send Report
Go to the Sporcle.com Mobile Site →
Comments